| 000 | 00000nam##2200000za#4500 |
| 001 | 9.639702 |
| 003 | CaOODSP |
| 005 | 20210624222312 |
| 007 | cr ||||||||||| |
| 008 | 150407|2001||||xxc|||||o f|0| 0 fre|d |
| 040 | |aCaOODSP|bfre |
| 043 | |an-cn--- |
| 086 | 1 |aF1-23/2001-6F-PDF |
| 110 | 1 |aCanada. |bMinistère des finances. |
| 245 | 10|aLes progrès financiers du Canada jusqu'en 2000-2001 |h[ressource électronique] |
| 246 | 1 |aLe budget de 2001 - Assurer le progrès dans un monde incertain |
| 260 | |aOttawa - Ontario : |bFinances Canada |cc2001. |
| 300 | |a20p.|bgraphiques, tableaux |
| 500 | |aLe nº de catalogue (F1-23/2001-6F) et l'ISBN (0-662-86500-6) de l'édition imprimée ont été incorrectement copiés dans cette édition électronique. |
| 590 | |a12-13-Supp|b2012-04-03 |
| 691 | 07|aFinances publiques|2gcpds |
| 691 | 07|aBudget|2gcpds |
| 775 | 08|tCanada's fiscal progress through 2000-2001 |w(CaOODSP)9.695568 |
| 776 | 0#|tLe budget de 2001: les progrès financiers du Canada jusqu'en 2000-2001 |w(CaOODSP)9.681697 |
| 856 | 40|ahttp://publications.gc.ca|qPDF|s99 Ko|uhttps://publications.gc.ca/collections/Collection/F1-23-2001-6F.pdf |